Sélectionne le vainqueur de la LDC avec son année - Mort Subite - Statistiques

Statistiques générales
  • Ce quiz a été pris 110 fois
  • Le résultat moyen est 6 sur 20
Answers on the Grid
Answers color-coded by a green-red scale on the quiz's grid according to % correct below.
Borussia Dortmund - 1997
Liverpool - 1984
Aston Villa -1981
Benfica - 1962
Celtic Glasgow - 1967
Real Madrid - 2021
Manchester United - 2008
Feyenoord - 1971
Bayern Munich - 2001
Real Madrid - 1961
Bayern - 2020
Real - 2013
Bayern Munich - 1975
Milan AC - 2003
Etoile rouge de Belgrade - 1991
Real Madrid - 1998
Barcelone - 2006
PSV - 1987
FC Barcelone - 2000
OM - 1983
Ajax Amsterdam - 1973
Inter Milan - 1965
Juventus - 1986
Nottingham Forest - 1980
Inter Milan - 2011
FC Porto - 2004
Hambourg SV - 1982
Liverpool - 2019
AC Milan - 1989
Real Madrid - 2022
Juventus - 1995
PSG - 2025
 
Statistiques - réponses
Réponse % Correct
PSG - 2025
65%
Bayern - 2020
50%
Liverpool - 2019
50%
Real Madrid - 2022
50%
Borussia Dortmund - 1997
47%
Manchester United - 2008
47%
Barcelone - 2006
38%
FC Porto - 2004
36%
Etoile rouge de Belgrade - 1991
31%
Milan AC - 2003
29%
Benfica - 1962
26%
Real Madrid - 1998
24%
Celtic Glasgow - 1967
18%
Liverpool - 1984
18%
Nottingham Forest - 1980
18%
Bayern Munich - 2001
17%
Inter Milan - 1965
13%
Ajax Amsterdam - 1973
11%
AC Milan - 1989
10%
Bayern Munich - 1975
8%
Aucun quiz correspondant
Distribution des résultats
% des personnes avec chaque résultat
Percentile par nombre de réponses
Votre historique - résultats
Vous n’avez pas pris ce quiz